Bundesliga Teams of the Season 1990´s - Statistics

General Stats
  • This quiz has been taken 22 times
  • The average score is 41 of 110
Answer Stats
Position Club Nationality Player % Correct
98/99 GK Bayern Germany Oliver Kahn
100%
97/98 GK Bayern Germany Oliver Kahn
100%
96/97 GK Bayern Germany Oliver Kahn
100%
93/94 GK KSC Germany Oliver Kahn
100%
98/99 LB Bayern France Bixente Lizarazu
74%
95/96 ST Bayern Germany Jürgen Klinsmann
74%
98/99 CB Bayern Germany Lothar Matthäus
68%
97/98 CDM Bayern Germany Lothar Matthäus
68%
93/94 CDM Bayern Germany Lothar Matthäus
68%
93/94 LB Kaiserslautern Germany Andreas Brehme
63%
95/96 GK Frankfurt Germany Andreas Köpke
63%
94/95 GK Frankfurt Germany Andreas Köpke
63%
92/93 GK Nürnberg Germany Andreas Köpke
63%
97/98 CB BVB Germany Jürgen Kohler
63%
96/97 CB BVB Germany Jürgen Kohler
63%
90/91 CB Bayern Germany Jürgen Kohler
63%
89/90 CB Bayern Germany Jürgen Kohler
63%
95/96 CAM Bayern Germany Mehmet Scholl
63%
98/99 CM Bayern Germany Stefan Effenberg
63%
94/95 CDM Gladbach Germany Stefan Effenberg
63%
91/92 CDM Bayern Germany Stefan Effenberg
63%
90/91 CM Bayern Germany Stefan Effenberg
63%
90/91 CAM Frankfurt Germany Andi Möller
58%
95/96 CAM BVB Germany Andreas Möller
58%
95/96 CB BVB Germany Matthias Sammer
53%
94/95 CB BVB Germany Matthias Sammer
53%
93/94 CB BVB Germany Matthias Sammer
53%
90/91 CM Stuttgart Germany Matthias Sammer
53%
91/92 ST BVB Switzerland Stephane Chapuisat
53%
98/99 ST Leverkusen Germany Ulf Kirsten
47%
97/98 ST Leverkusen Germany Ulf Kirsten
47%
96/97 ST Leverkusen Germany Ulf Kirsten
47%
94/95 ST Leverkusen Germany Ulf Kirsten
47%
94/95 CAM Werder Austria Andreas Herzog
42%
92/93 CAM Werder Austria Andreas Herzog
42%
93/94 ST Frankfurt Ghana Anthony Yeboah
42%
92/93 ST Frankfurt Ghana Anthony Yeboah
42%
91/92 ST Frankfurt Ghana Anthony Yeboah
42%
90/91 GK Köln Germany Bodo Illgner
42%
98/99 CB Leverkusen Germany Jens Nowotny
42%
96/97 ST FC Köln Austria Toni Polster
42%
97/98 CAM Kaiserslautern Switzerland Ciriaco Sforza
37%
98/99 CM Bayern Germany Jens Jeremies
37%
96/97 CAM Stuttgart Bulgaria Krasimir Balakov
37%
97/98 CM Stuttgart Bulgaria Krassimir Balakov
37%
98/99 CAM Bayern Germany Mario Basler
37%
94/95 LM Werder Germany Mario Basler
37%
97/98 CAM KSC Germany Thomas Häßler
37%
96/97 RM KSC Germany Thomas Häßler
37%
89/90 CAM FC Köln Germany Thomas Häßler
37%
95/96 CB Bayern Germany Thomas Helmer
37%
90/91 CB BVB Germany Thomas Helmer
37%
97/98 CB Leverkusen Germany Christian Wörns
32%
91/92 CB Leverkusen Germany Christian Wörns
32%
92/93 CB Stuttgart Germany Guido Buchwald
32%
91/92 CDM Stuttgart Germany Guido Buchwald
32%
90/91 CDM Stuttgart Germany Guido Buchwald
32%
89/90 CDM Stuttgart Germany Guido Buchwald
32%
89/90 ST Werder Germany Karl-Heinz Riedle
32%
89/90 CB Bayern Germany Klaus Augenthaler
32%
98/99 ST Hertha BSC Germany Michael Preetz
32%
91/92 CAM BVB Germany Michael Rummenigge
32%
95/96 CB Gladbach Sweden Patrik Andersson
32%
94/95 CB Gladbach Sweden Patrik Andersson
32%
89/90 CAM FC Köln Germany Pierre Littbarski
32%
98/99 CM Leverkusen Germany Carsten Ramelow
26%
95/96 LM Bayern Germany Christian Ziege
26%
92/93 LM Bayern Germany Christian Ziege
26%
93/94 CM Stuttgart Brazil Dunga
26%
98/99 RB Bayern Germany Markus Babbel
26%
93/94 ST Gladbach Sweden Martin Dahlin
26%
92/93 CDM BVB Germany Michael Zorc
26%
97/98 CB Schalke 04 Germany Olaf Thon
26%
96/97 CB Schalke 04 Germany Olaf Thon
26%
92/93 CB Bayern Germany Olaf Thon
26%
96/97 CAM Bochum Germany Dariusz Wosz
21%
95/96 CDM Werder Germany Dieter Eilts
21%
94/95 CDM Werder Germany Dieter Eilts
21%
95/96 RM BVB Germany Stefan Reuter
21%
94/95 RM BVB Germany Stefan Reuter
21%
90/91 LM Bayern Germany Stefan Reuter
21%
89/90 LM Bayern Germany Stefan Reuter
21%
91/92 GK Frankfurt Germany Ulrich Stein
21%
89/90 GK Frankfurt Germany Ulrich Stein
21%
92/93 RM Frankfurt Germany Uwe Bein
21%
91/92 CAM Frankfurt Germany Uwe Bein
21%
89/90 CAM Frankfurt Germany Uwe Bein
21%
97/98 CDM Stuttgart Croatia Zvonimir Soldo
21%
96/97 CDM Stuttgart Croatia Zvonimir Soldo
21%
92/93 ST Leverkusen Germany Andreas Thom
16%
96/97 CB Stuttgart Netherlands Frank Verlaat
16%
91/92 ST Stuttgart Germany Fritz Walter
16%
94/95 ST Gladbach Germany Heiko Herrlich
16%
96/97 LM BVB Germany Jörg Heinrich
16%
93/94 RB Bayern Brazil Jorginho
16%
90/91 RM Leverkusen Brazil Jorginho
16%
89/90 RM Leverkusen Brazil Jorginho
16%
97/98 ST Kaiserslautern Germany Olaf Marschall
16%
92/93 CB Werder Norway Rune Bratseth
16%
91/92 CB Werder Norway Rune Bratseth
16%
93/94 CB Stuttgart Germany Thomas Berthold
16%
93/94 CAM HSV Bulgaria Yordan Letchkov
16%
94/95 CB BVB Brazil Julio Cesar
11%
90/91 CB Kaiserslautern Czechoslovakia Miroslav Kadlec
11%
90/91 ST Bayern Germany Roland Wohlfarth
11%
95/96 CDM BVB Germany Steffen Freund
11%
92/93 CDM Bayern Netherlands Jan Wouters
5%
91/92 CB Frankfurt Germany Manfred Binz
5%
89/90 CB Frankfurt Germany Manfred Binz
5%
93/94 CM Leverkusen Romania Ioan Lupescu
0%
No matching quizzes found
Score Distribution
Percent of People with Each Score
Percentile by Number Answered
Your Score History
You have not taken this quiz